|
|
|
|
| LEADER |
00000nab a2200000 a 4500 |
| 001 |
vtls000737253 |
| 003 |
SK-MaSNL |
| 005 |
20260304235038.0 |
| 008 |
250429c2000 xo 0 slo |
| 015 |
|
|
|a SNBRB2000/12-34270
|
| 035 |
|
|
|a CLN000089120
|
| 035 |
|
|
|a urn:nbn:sk:snk-abkh2
|
| 035 |
|
|
|a (urnnbn)urn:nbn:sk:snk:ar-a059tz
|
| 035 |
|
|
|a (uuid)4fcc9b5b-1b19-4dab-b5ae-c008d61e92b9
|
| 040 |
|
|
|a SNKBUCL
|b slo
|c SNKBUCL
|e AACR2
|
| 041 |
0 |
|
|a slo
|
| 044 |
|
|
|a xo
|c SK
|
| 080 |
|
|
|a 616.216-002-053.2
|2 1997
|
| 100 |
1 |
|
|a Buchelová, Lenka
|4 aut
|9 1572147
|
| 245 |
1 |
0 |
|a Chronická sinusitída u detí - význam alergie
|c L. Buchelová, J. Jakubíková, D. Cingelová
|
| 246 |
1 |
1 |
|a Chronic sinusitis in children: The role of allergy
|
| 300 |
|
|
|b Tab.
|
| 504 |
|
|
|a Res. angl., slov.
|
| 504 |
|
|
|a Bibliogr. odkazy
|
| 650 |
0 |
7 |
|a chronická sinusitída
|2 SNK
|9 1572150
|
| 650 |
0 |
7 |
|a alergia
|2 SNKPH
|9 29852
|
| 650 |
0 |
7 |
|a deti
|2 SNKPH
|9 773
|
| 650 |
0 |
7 |
|a prinosové dutiny
|2 SNK
|9 181082
|
| 655 |
|
7 |
|a články z novín a časopisov
|2 SNK
|9 267496
|
| 700 |
1 |
|
|a Jakubíková, Janka,
|d 1952-2012
|4 aut
|9 154535
|
| 700 |
1 |
|
|a Cingelová, D.
|4 aut
|9 1140307
|
| 773 |
0 |
|
|t Choroby hlavy a krku
|g Roč. 9, č. 2 (2000), s. 26-29
|x 1210-0447
|
| 850 |
|
|
|a Slovenská národná knižnica
|
| 852 |
|
|
|a Slovenská národná knižnica
|
| 954 |
|
|
|a odborná, vedecká literatúra pôvodná (slovenská)
|2 lita
|
| 958 |
|
|
|a article27
|
| 958 |
|
|
|a MI
|
| 958 |
|
|
|a NB
|
| 958 |
|
|
|a OND
|
| 958 |
|
|
|a EUIPO
|
| 992 |
|
|
|a RBX
|
| 999 |
|
|
|c 3207039
|d 3208969
|